000 01031nam a22002175i 4500
001 168112
003 ES-MaACL
005 20230906213708.0
008 960321s1818 fr |||| | spa d
040 _aEUS
_bspa
_cEUS
080 _a946.015
100 1 _aZamacola, Juan Antonio de.
_9134012
245 1 0 _aHistoria de las Naciones Bascas de una y otra parte del Pirineo Septentrional y costas del Mar Cantabrico, desde sus primeros pobladores, hasta nuestros dias, con la descripcion, caracter, fueros, usos, costumbres y leyes de cada uno de los estados Bascos que hoy existen
_b: dividida en varias épocas /
_cescrita en español por J. A. de Zamacola.
260 _aAuch :
_b[s.n.],
_c1818 (
_fen la imprenta de la Viuda de Duprat...)
300 _a3 v. ;
_c22 cm.
597 _aVol. I (276 p.) -- vol. II (346, [2] p.)
651 4 _aPaís Vasco-
_xHistoria.
_99152
651 4 _aPaís Vasco-
_xUsos y costumbres.
_99162
752 _aFrancia -
_dAuch
852 _aES-MaACL
_jG-7920-7921
_z-- Enc. pasta
_q-- Falto del t.I
999 _c168112
_d168112